| 000 | 00790cam a2200265 i 4500 | ||
|---|---|---|---|
| 001 | 18244265 | ||
| 005 | 20180201072839.0 | ||
| 008 | 140728s2014 nyua 001 0 eng | ||
| 010 | _a 2014029888 | ||
| 020 | _a9781621534297 (paperback) | ||
| 020 | _a1621534294 (paperback) | ||
| 020 | _z9781621534570 (Ebook) | ||
| 040 |
_aDLC _beng _cDLC _erda _dDLC |
||
| 041 | _aeng | ||
| 042 | _apcc | ||
| 080 | _a791.450028023 jan | ||
| 082 | 0 | 0 |
_a791.4502/8023 _223 |
| 084 |
_aPER001000 _2bisacsh |
||
| 100 | 1 | _a40 | |
| 101 | _amed | ||
| 245 | 1 | 0 |
_aVoiceovers : _cJanet Wilcox. |
| 906 |
_a7 _bcbc _corignew _d1 _eecip _f20 _gy-gencatlg |
||
| 942 |
_2ddc _cBK |
||
| 999 |
_c41533 _d41533 |
||